000 00725nas a2200241 4500
001 BR8903334
003 BR-BrBNA
005 20231205091624.0
007 ta
008 230509b bl.|||p| |||| 00| 00por d
040 _aBR-BrBNA
_bpor
_cBiblioteca Nacional de Agricultura
041 _a(Pt)
072 _aF30; H20
100 1 _aZanella, M.I.
100 1 _aBaier, A.C.
245 1 _aResistencia a giberela e a germinacao na espiga em triticale
650 _aTRITICALE
650 _aFUSARIOSE
650 _aVARIEDADE RESISTENTE
773 0 _tPesquisa Agropecuaria Brasileira (Brazil)
_xISSN 0100-204X
_g(Sep 1988), v. 23(9) p. 997-1001
_wBR8903334
909 _a202311
_bLúcia
_c55
_dLúcia Elande
942 _2AGRIS
_n0
_cANA
999 _c126247
_d126247